| 000 | 02277nam0a2200337 4500 | ||
|---|---|---|---|
| 001 | RU\NLR\BIBL_A\011746528 | ||
| 005 | 20181019112627.0 | ||
| 010 |
_a978-5-6041069-2-1 _9100 |
||
| 021 |
_aRU _bКН-П-18-042318 _9КН-П-18-3058 |
||
| 035 | _a(NLR Aleph) 011746528 | ||
| 035 | _a(RuMoRGB)009654759 | ||
| 090 |
_a11605912 _c11605912 |
||
| 100 | _a20180710d2018 m y0rusy50 ca | ||
| 101 | 0 | _arus | |
| 102 | _aRU | ||
| 105 | _aac z 000zy | ||
| 200 | 1 |
_aКафедры тактико-специальной, боевой и физической подготовки Московского института МВД России и его Тверского филиала,1933-2002 _eистория современной России _fИ. А. Дворяк |
|
| 210 |
_aМосква _cПервый том _d2018 |
||
| 215 |
_a139 с. _cил., портр. _d22 |
||
| 300 | _aНа обороте тит. л.: И. А. Дворяк, к.п.н., доц. | ||
| 601 | 0 | 1 |
_aРоссийская Федерация _bМинистерство внутренних дел _bМосковский институт _bКафедра тактико-специальной, боевой и физической подготовки _2nlr_sh2 _3RU\NLR\AUTH\6601642783 |
| 601 | 0 | 2 |
_aРоссийская Федерация _bМинистерство внутренних дел _bМосковский институт _bТверской филиал _bКафедра тактико-специальной, боевой и физической подготовки _2nlr_sh2 _3RU\NLR\AUTH\6601642788 |
| 686 | 1 | _aЧ489.534(2Р)7 | |
| 686 | 1 | _aЦ4,6(2)391.1-32 | |
| 700 | 1 |
_aДворяк _bИ. А. _f1944- _gИгорь Алексеевич |
|
| 942 | _cBOOK | ||
| 980 | _aNBR | ||
| 980 | _aNB | ||